000
00204 a2200097 4500
001
26006
100
_a
Dold A
245
_a
Lecture notes in math's 565
260
_a
_b
Springer
_c
090
_c
17601
_d
17601
942
_a
NUST-CAE
_c
M
_c
8449
999
_c
261079
_d
261079